[Event "Scarborough CC-ch Reserves op"]
[Site "Toronto"]
[Date "2010.04.01"]
[Round "6"]
[White "Husain, Imtiaz"]
[Black "Ugodnikov, Arkadiy"]
[Result "1-0"]
[WhiteElo "2126"]
[BlackElo "1785"]
[PlyCount "117"]
[EventDate "2010.02.25"]
[EventType "swiss"]
[EventRounds "9"]
[EventCountry "CAN"]
[SourceTitle "EXT 2022"]
[Source "ChessBase"]
[SourceDate "2021.10.06"]
[SourceVersion "1"]
[SourceVersionDate "2021.10.06"]
[SourceQuality "1"]

1. e4 e5 2. Nf3 Nc6 3. d3 Nf6 4. c4 Bb4+ 5. Nbd2 0-0 6. a3 Be7 7. b4 d6 8. b5 Nb8 9. Be2 Bg4 10. 0-0 Nbd7 11. h3 Bh5 12. g4 Bg6 13. Nh4 Nc5 14. Nf5 Ne6 15. Nf3 h5 16. Ne1 hxg4 17. hxg4 c6 18. bxc6 bxc6 19. Ng2 d5 20. Nxe7+ Qxe7 21. exd5 cxd5 22. g5 Nh7 23. cxd5 Nexg5 24. d4 exd4 25. f4 Ne4 26. f5 Nc3 27. fxg6 Nxd1 28. gxh7+ Kxh7 29. Bd3+ Kg8 30. Rxd1 Rfd8 31. Re1 Qc5 32. Bf4 Re8 33. d6 Qd5 34. a4 Re6 35. Rxe6 fxe6 36. Rc1 Rf8 37. Bc4 Qf3 38. Bxe6+ Kh7 39. d7 Qa3 40. Rc8 Qe7 41. Bf5+ Kh8 42. Bg5 Qf7 43. Rxf8+ Qxf8 44. d8Q Qxd8 45. Bxd8 Kg8 46. Bg6 Kf8 47. Nf4 Kg8 48. Ne6 d3 49. Kf2 Kh8 50. Ke3 d2 51. Kxd2 Kg8 52. Kc3 Kh8 53. Kb4 Kg8 54. Ka5 Kh8 55. Ka6 Kg8 56. Kxa7 Kh8 57. Kb7 Kg8 58. a5 Kh8 59. a6 1-0

[Event "Scarborough CC Spring Swiss"]
[Site "Toronto"]
[Date "2007.03.22"]
[Round "2"]
[White "Sherman, Joshua"]
[Black "Husain, Imtiaz"]
[Result "0-1"]
[WhiteElo "1700"]
[BlackElo "2145"]
[PlyCount "60"]
[EventDate "2007.03.15"]
[EventType "swiss"]
[EventRounds "8"]
[EventCountry "CAN"]
[SourceTitle "EXT 2022"]
[Source "ChessBase"]
[SourceDate "2021.10.06"]
[SourceVersion "1"]
[SourceVersionDate "2021.10.06"]
[SourceQuality "1"]

1. e4 c5 2. d4 cxd4 3. c3 dxc3 4. Nxc3 Nc6 5. Bc4 g6 6. Nf3 Bg7 7. 0-0 Nf6 8. Qe2 0-0 9. Rd1 a6 10. e5 Ne8 11. e6 fxe6 12. Bxe6+ Kh8 13. Ng5 Nd4 14. Nf7+ Rxf7 15. Rxd4 Bxd4 16. Bxf7 Nd6 17. Bb3 Qf8 18. Bg5 e6 19. Rd1 Bg7 20. Rd3 h6 21. Bxh6 Bxh6 22. Qe5+ Bg7 23. Qxd6 Qxd6 24. Rxd6 Be5 25. Rd3 d5 26. Re3 Bc7 27. Bxd5 exd5 28. Nxd5 Bd6 29. Re8+ Kg7 30. Nb6 Bc5 0-1

[Event "Scarborough CC-ch"]
[Site "Toronto"]
[Date "2007.02.08"]
[Round "6"]
[White "Husain, Imtiaz"]
[Black "Douglas, Richard"]
[Result "1-0"]
[WhiteElo "2145"]
[BlackElo "1760"]
[PlyCount "105"]
[EventDate "2007.01.04"]
[EventType "tourn"]
[EventRounds "9"]
[EventCountry "CAN"]
[SourceTitle "EXT 2022"]
[Source "ChessBase"]
[SourceDate "2021.10.06"]
[SourceVersion "1"]
[SourceVersionDate "2021.10.06"]
[SourceQuality "1"]

1. e4 Nf6 2. d3 d5 3. e5 Nfd7 4. f4 Nb6 5. Nf3 Nc6 6. Be2 Bf5 7. 0-0 Qd7 8. Nh4 Nd4 9. Nxf5 Nxe2+ 10. Qxe2 Qxf5 11. a4 Qd7 12. a5 Nc8 13. f5 e6 14. fxe6 Qxe6 15. Bf4 Bc5+ 16. Kh1 0-0 17. Nd2 a6 18. Nf3 h6 19. c3 Ne7 20. b4 Ba7 21. d4 Ng6 22. Qd2 c6 23. g3 b6 24. Bxh6 gxh6 25. Qxh6 Nh8 26. Qh4 Qg6 27. Ng5 Qg7 28. Rf6 Ng6 29. Qg4 bxa5 30. Ne6 Qh7 31. Nxf8 Rxf8 32. Rxa5 Kh8 33. Rxa6 Ra8 34. e6 Nf8 35. Qh4 Qxh4 36. gxh4 Nxe6 37. Rxf7 Kg8 38. Rfxa7 Rxa7 39. Rxa7 Kf8 40. Kg2 Nf4+ 41. Kf3 Ng6 42. h5 Ne7 43. Rxe7 Kxe7 44. Kg4 Kf6 45. Kf4 Ke6 46. Kg5 Kf7 47. Kf5 Ke7 48. Kg6 Kf8 49. h6 Kg8 50. h7+ Kh8 51. h4 c5 52. dxc5 d4 53. c6 1-0

[Event "IECG email"]
[Site "IECG email"]
[Date "1996.??.??"]
[Round "?"]
[White "Husain, Imtiaz"]
[Black "Alvarez, Roberto Gabriel"]
[Result "1/2-1/2"]
[WhiteElo "2280"]
[BlackElo "2400"]
[PlyCount "103"]
[EventDate "1996.??.??"]
[EventType "tourn (corr)"]
[EventRounds "6"]
[SourceTitle "Corr 2004"]
[Source "ChessBase"]
[SourceDate "2003.04.28"]
[SourceVersion "3"]
[SourceVersionDate "2003.04.28"]
[SourceQuality "1"]

1. d4 Nf6 2. c4 c5 3. Nf3 e6 4. Nc3 cxd4 5. Nxd4 Bb4 6. Qd3 0-0 7. Nc2 Be7 8. e4 d6 9. Bf4 a6 10. Be2 Qc7 11. 0-0 Nbd7 12. Rfd1 Ne5 13. Qd4 b6 14. Ne3 Bb7 15. Rac1 Nfd7 16. Bg3 Rac8 17. f4 Nc6 18. Qd2 Qb8 19. Bf3 Rfd8 20. b3 Qa8 21. Qe2 Qb8 22. Kh1 Ba8 23. h4 Na7 24. f5 b5 25. Bg4 Nf8 26. Qf3 Bf6 27. Ne2 Nc6 28. Bh5 Ne5 29. Qf4 Qb7 30. Bf3 bxc4 31. Nxc4 Nxf3 32. gxf3 d5 33. Nd6 Rxc1 34. Rxc1 Qb4 35. e5 Qxf4 36. Bxf4 Bxh4 37. Kg1 Rb8 38. Be3 d4 39. Nxd4 Bd8 40. Nc6 Bxc6 41. Rxc6 Ra8 42. fxe6 Nxe6 43. b4 Bg5 44. Bxg5 Nxg5 45. Kg2 Ne6 46. Kg3 h5 47. Ne4 Kf8 48. Rb6 Nd4 49. Nc5 a5 50. Ra6 Rxa6 51. Nxa6 axb4 52. Nxb4 1/2-1/2

[Event "Toronto"]
[Site "Toronto"]
[Date "1989.02.26"]
[Round "5"]
[White "Husain, Imtiaz"]
[Black "Pacey, Kevin"]
[Result "1-0"]
[WhiteElo "2156"]
[BlackElo "2286"]
[PlyCount "82"]
[EventDate "1989.01.??"]
[EventType "tourn"]
[EventRounds "11"]
[EventCountry "CAN"]
[SourceTitle "EXT 2022"]
[Source "ChessBase"]
[SourceDate "2021.10.06"]
[SourceVersion "1"]
[SourceVersionDate "2021.10.06"]
[SourceQuality "1"]

1. Nf3 d5 2. c4 c6 3. b3 Bf5 4. Bb2 e6 5. g3 Nf6 6. Bg2 Nbd7 7. 0-0 Bd6 8. d3 Qe7 9. Nc3 a6 10. Qe1 e5 11. Nh4 Be6 12. e4 d4 13. Ne2 Ba3 14. Rb1 0-0 15. h3 Bxb2 16. Rxb2 Nc5 17. Rd2 g5 18. Nf5 Bxf5 19. exf5 Qd7 20. g4 h5 21. Ng3 Rae8 22. gxh5 Kg7 23. Qd1 a5 24. Re2 Rh8 25. Rfe1 Qc7 26. Qd2 Nh7 27. f6+ Kxf6 28. Be4 Nxe4 29. Rxe4 Qd7 30. Qxa5 b6 31. Qxb6 Re6 32. Rg4 Re7 33. Qc5 Rhe8 34. Ne4+ Kg7 35. Nxg5 Nxg5 36. Rxg5+ Kf6 37. Rg3 Qc7 38. f4 Rh8 39. fxe5+ Rxe5 40. Rf3+ Ke6 41. Rxe5+ Qxe5 1-0